000 00667nam a2200265Ia 4500
005 20260121173010.0
008 008 260114s9999 xx 000 0 eng d
020 _a9783030890476
037 _aEBOOK
040 _aCRL
040 _beng
040 _cCRL
041 _2eng
041 _aeng
084 _qCRL
100 _aVanessa Tünsmeyer
_91095383
245 0 _aRepatriation of Sacred Indigenous Cultural Heritage and the Law
260 _bSpringer
260 _bSpringer
260 _c2022
856 _uhttps://link.springer.com/openurl?genre=book&isbn=978-3-030-89047-6
942 _cEBOOK
999 _c1661125
_d1661125